000 00610nam a2200205Ia 4500
005 20221128095123.0
008 131103s9999 xx 000 0 und d
040 _aLoreto College
041 _aEnglish
082 _a821.8
_bTEN-MAR
100 _aMartin,Robert Bernard
245 _aTennyson
_b the unquiet heart
_cRobert Bernard Martin
260 _aOxford
_bFaber
_c1983
300 _axii,643 p.
_b ill.
504 _aIncludes bibliographical references and index
650 _aEnglish Poetry
651 _aTennyson,Alfred - Biography,Poets - 19th Century - Biography
850 _aLCLIB
942 _cBK
999 _c6019
_d56498